Strength of materials and structural analysis (Record no. 5312)
[ view plain ]
| 000 -LEADER | |
|---|---|
| fixed length control field | 00527nam a2200169Ia 4500 |
| 003 - CONTROL NUMBER IDENTIFIER | |
| control field | SGT |
| 020 ## - INTERNATIONAL STANDARD BOOK NUMBER | |
| International Standard Book Number | 9788185240833 |
| 082 ## - DEWEY DECIMAL CLASSIFICATION NUMBER | |
| Classification number | 620.11 |
| Item number | JAI |
| 100 ## - MAIN ENTRY--PERSONAL NAME | |
| Personal name | Jain,Ashok K |
| 245 ## - TITLE STATEMENT | |
| Title | Strength of materials and structural analysis |
| 250 ## - EDITION STATEMENT | |
| Edition statement | 2nd Ed. |
| 260 ## - PUBLICATION, DISTRIBUTION, ETC. (IMPRINT) | |
| Name of publisher, distributor, etc | Nem Chand & Bros |
| Place of publication, distribution, etc | Roorkee |
| Year of Publication | 2008 |
| 300 ## - PAGE DESCRIPTION | |
| No. of Pages | 663p. |
| 650 ## - SUBJECT ADDED ENTRY--TOPICAL TERM | |
| Topical term or geographic name as entry element | MECHANICAL ENGINEERING |
| 653 ## - KEYWORDS--INDEX TERM | |
| Keyword term | INTRODUCTION, PROPERTIES OF MATERIALS,PROPERTIES OF SECTIONS,AXIAL STRESS AND DEFORMATIONS IN BARS,SHEAR STRESS IN RIVETS AND WELDS |
| 942 ## - ADDED ENTRY ELEMENTS (KOHA) | |
| Source of classification or shelving scheme | Dewey Decimal Classification |
| Koha item type | Books |
| 942 ## - ADDED ENTRY ELEMENTS (KOHA) | |
| -- | 13 |
| Withdrawn status | Lost status | Source of classification or shelving scheme | Damaged status | Not for loan | Home library | Current library | Date acquired | SGTU | Total Checkouts | Total Renewals | Full call number | Accession No. (Barcode) | Date last seen | Date last borrowed | Bill Date | Koha item type | Use restrictions | Collection code | Shelving location |
|---|---|---|---|---|---|---|---|---|---|---|---|---|---|---|---|---|---|---|---|
| Dewey Decimal Classification | SGT Engineering Library | SGT Engineering Library | 02/07/2011 | SGTU | 6 | 1 | 620.11 JAI | FE3921 | 05/11/2024 | 05/11/2024 | 09/02/2015 | Books | |||||||
| Dewey Decimal Classification | SGT Engineering Library | SGT Engineering Library | 02/07/2011 | SGTU | 1 | 620.11 JAI | FE3922 | 31/08/2024 | 27/08/2024 | 09/02/2015 | Books | ||||||||
| Dewey Decimal Classification | SGT Engineering Library | SGT Engineering Library | 02/07/2011 | SGTU | 8 | 620.11 JAI | FE3923 | 11/11/2024 | 29/10/2024 | 09/02/2015 | Books | ||||||||
| Dewey Decimal Classification | SGT Engineering Library | SGT Engineering Library | 02/07/2011 | SGTU | 4 | 620.11 JAI | FE3924 | 08/03/2022 | 06/12/2021 | 09/02/2015 | Books | ||||||||
| Dewey Decimal Classification | Not For Loan | SGT Engineering Library | SGT Engineering Library | 02/07/2011 | SGTU | 620.11 JAI | FE3925 | 05/04/2019 | 09/02/2015 | Books | Restricted Access | ENGINEERING | Reference Book |